La Relación estado-sociedad civil en el marco de la globalización /

Αποθηκεύτηκε σε:
Λεπτομέρειες βιβλιογραφικής εγγραφής
Κύριος συγγραφέας: Sojo Obando, Carlos
Μορφή: Κείμενο
Θέματα:
Ετικέτες: Προσθήκη ετικέτας
Δεν υπάρχουν, Καταχωρήστε ετικέτα πρώτοι!

MARC

LEADER 00000 a a2200000 04500
001 4186
003
040
090 |a REV0229 (114) 2000  
100 |a Sojo Obando, Carlos  
245 |a La Relación estado-sociedad civil en el marco de la globalización /  |c Carlos Sojo Obando 
650 |a ESTADO  
650 |a SOCIEDAD CIVIL  
650 |a LIBERALIZACION DEL INTERCAMBIO  
650 |a GLOBALIZACION  
773 |g número 114; páginas 11-18  
999 |c 21682  |d 21682